[Event "SLO-ch 33rd"]
[Site "Radenci"]
[Date "2023.04.29"]
[Round "6"]
[White "Suta, Andraz"]
[Black "Kovac, Boris"]
[Result "1/2-1/2"]
[WhiteElo "2294"]
[BlackElo "2170"]
[PlyCount "108"]
[EventDate "2023.04.25"]
[EventType "team-match"]
[EventRounds "9"]
[EventCountry "SLO"]
[SourceTitle "CBM 214 Extra"]
[Source "ChessBase"]
[SourceDate "2023.07.31"]
[SourceVersion "1"]
[SourceVersionDate "2023.07.31"]
[SourceQuality "1"]

1. e4 c5 2. Nf3 Nc6 3. d4 cxd4 4. Nxd4 g6 5. Nc3 Bg7 6. Be3 a6 7. Qd2 Nf6 8. f3 d5 9. 0-0-0 dxe4 10. Qf2 Qc7 11. g4 exf3 12. h3 Nxd4 13. Bxd4 Be6 14. Qxf3 Rc8 15. Bg2 Bd5 16. Qf2 Bxg2 17. Qxg2 0-0 18. g5 Nh5 19. Nd5 Nf4 20. Nxc7 Nxg2 21. Nd5 Rfe8 22. Bxg7 Kxg7 23. h4 Rc4 24. Rh2 Nf4 25. b3 Re4 26. Nxf4 Rxf4 27. Rd7 b5 28. Ra7 e5 29. Rxa6 e4 30. Kd2 e3+ 31. Ke2 Rd4 32. Kf3 b4 33. a3 h6 34. gxh6+ Kh7 35. axb4 Rxb4 36. Ra7 Kg8 37. Ra4 Rxa4 38. bxa4 Ra8 39. Kxe3 Rxa4 40. Kd3 Kh7 41. c4 Kxh6 42. c5 Kh5 43. Rc2 Ra7 44. c6 Rc7 45. Ke4 Kxh4 46. Kf4 g5+ 47. Kf5 g4 48. Kf4 g3 49. Kf3 f5 50. Rc1 f4 51. Rc5 g2 52. Kxg2 Kg4 53. Kf2 f3 54. Rc4+ Kf5 1/2-1/2

[Event "SLO-ch 33rd"]
[Site "Radenci"]
[Date "2023.04.28"]
[Round "5"]
[White "Kovac, Boris"]
[Black "Skuhala, Barbara"]
[Result "1/2-1/2"]
[WhiteElo "2170"]
[BlackElo "2153"]
[PlyCount "87"]
[EventDate "2023.04.25"]
[EventType "team-match"]
[EventRounds "9"]
[EventCountry "SLO"]
[SourceTitle "CBM 214 Extra"]
[Source "ChessBase"]
[SourceDate "2023.07.31"]
[SourceVersion "1"]
[SourceVersionDate "2023.07.31"]
[SourceQuality "1"]

1. e4 c5 2. Nf3 d6 3. d4 cxd4 4. Nxd4 Nf6 5. Nc3 a6 6. f3 e5 7. Nb3 Be7 8. Be3 Be6 9. Qd2 Nbd7 10. g4 0-0 11. g5 Ne8 12. 0-0-0 Rc8 13. Kb1 b5 14. a3 Nb6 15. Na5 Qc7 16. Rg1 Bd8 17. Nb3 Nc4 18. Bxc4 bxc4 19. Nc1 Qb7 20. N1e2 Rb8 21. Qc1 Ba5 22. Ka1 Qc6 23. f4 Nc7 24. f5 Bd7 25. Rg3 Rb7 26. g6 hxg6 27. fxg6 f5 28. exf5 Bxf5 29. Rf1 Bxc3 30. Nxc3 d5 31. Ne2 Rbb8 32. Rg5 Qe6 33. Bc5 Rf6 34. Qe3 Bxc2 35. Rxf6 Qxf6 36. Rxe5 Bxg6 37. Nf4 c3 38. bxc3 Rb1+ 39. Ka2 Rf1 40. Ne2 d4 41. Qxd4 Ra1+ 42. Kb2 Rb1+ 43. Ka2 Ra1+ 44. Kb2 1/2-1/2

[Event "SLO-ch 32nd"]
[Site "Radenci"]
[Date "2022.07.08"]
[Round "7"]
[White "Sebenik, Matej"]
[Black "Kovac, Boris"]
[Result "1-0"]
[WhiteElo "2512"]
[BlackElo "2158"]
[PlyCount "67"]
[EventDate "2022.07.03"]
[EventType "swiss"]
[EventRounds "9"]
[EventCountry "SLO"]
[SourceTitle "EXT 2023"]
[Source "ChessBase"]
[SourceDate "2022.10.05"]
[SourceVersion "1"]
[SourceVersionDate "2022.10.05"]
[SourceQuality "1"]

1. Nf3 d5 2. g3 Nf6 3. Bg2 c5 4. 0-0 Nc6 5. d4 e6 6. c4 cxd4 7. Nxd4 Be7 8. cxd5 exd5 9. Nc3 0-0 10. Be3 Be6 11. Qb3 Na5 12. Qc2 Nc4 13. Bg5 Nb6 14. Rad1 Rc8 15. Qb3 Rc4 16. Bxf6 Bxf6 17. Nxe6 fxe6 18. Nxd5 Rd4 19. Nxf6+ Rxf6 20. Bxb7 Rxd1 21. Rxd1 Qe7 22. Bf3 Rf8 23. a4 Rf5 24. Rd3 Rc5 25. Kg2 Kf7 26. Rd4 g5 27. Qd3 Kg7 28. b4 Rc7 29. h4 h6 30. hxg5 hxg5 31. b5 Nd7 32. Qe3 Qf6 33. Rg4 Rc5 34. Bc6 1-0

[Event "SLO-chT 30th"]
[Site "Gostovanja"]
[Date "2020.10.02"]
[Round "1.1"]
[White "Kovac, Boris"]
[Black "Janzekovic, Klemen Tilen"]
[Result "1-0"]
[WhiteElo "2209"]
[BlackElo "2001"]
[PlyCount "99"]
[EventDate "2020.10.02"]
[EventType "team-tourn"]
[EventRounds "5"]
[EventCountry "SLO"]
[SourceTitle "CBM 198 Extra"]
[Source "ChessBase"]
[SourceDate "2020.11.30"]
[SourceVersion "1"]
[SourceVersionDate "2020.11.30"]
[SourceQuality "1"]
[WhiteTeam "Pomgrad"]
[BlackTeam "Ptuj"]
[WhiteTeamCountry "SLO"]
[BlackTeamCountry "SLO"]

1. e4 e5 2. Nf3 Nc6 3. Bb5 a6 4. Ba4 Nf6 5. d3 b5 6. Bb3 Bc5 7. c3 d6 8. h3 h6 9. 0-0 0-0 10. Re1 Re8 11. Nbd2 Bb6 12. a4 Rb8 13. axb5 axb5 14. Nf1 Be6 15. Be3 Bxb3 16. Qxb3 b4 17. Qa4 Qd7 18. Bxb6 Rxb6 19. Ne3 Qe6 20. Nc4 Reb8 21. Nxb6 Rxb6 22. Qc2 bxc3 23. bxc3 Nh5 24. Reb1 Rxb1+ 25. Rxb1 Nf4 26. Kh2 Ne7 27. Ng1 Qf6 28. g3 Ne6 29. Qe2 c6 30. Rb8+ Kh7 31. Qf3 Nc5 32. Qxf6 gxf6 33. Re8 Ng8 34. Rd8 Nxd3 35. f3 d5 36. exd5 cxd5 37. Rxd5 Nb2 38. Rb5 Nc4 39. Rb4 Ne3 40. c4 Kg6 41. c5 Ne7 42. Ne2 N3d5 43. Rb7 Nc6 44. Rd7 Ndb4 45. Rd6 Kg7 46. g4 Ne7 47. Ng3 Kg6 48. Ne4 Ned5 49. c6 Kg7 50. Nxf6 1-0

[Event "HUN-chT2 Charousek 1819"]
[Site "Hungary"]
[Date "2019.03.31"]
[Round "10.5"]
[White "Kovac, Boris"]
[Black "Czupor, Attila"]
[Result "0-1"]
[WhiteElo "2200"]
[BlackElo "2203"]
[PlyCount "112"]
[EventDate "2018.09.23"]
[EventType "team-tourn"]
[EventRounds "11"]
[EventCountry "HUN"]
[SourceTitle "EXT 2021"]
[Source "ChessBase"]
[SourceDate "2020.10.23"]
[SourceVersion "1"]
[SourceVersionDate "2020.10.23"]
[SourceQuality "1"]
[WhiteTeam "Szentgotthard Alsoszolnok"]
[BlackTeam "Haladas Szombathely II"]
[WhiteTeamCountry "HUN"]
[BlackTeamCountry "HUN"]

1. e4 e5 2. Nf3 Nc6 3. Bb5 a6 4. Ba4 Nge7 5. 0-0 g6 6. c3 Bg7 7. d4 exd4 8. cxd4 0-0 9. d5 b5 10. Bc2 Na5 11. Nc3 d6 12. h3 c5 13. dxc6 Nexc6 14. Bf4 Nc4 15. b3 Na3 16. Nd5 Bxa1 17. Qxa1 Nxc2 18. Qc3 N2d4 19. Nxd4 Nxd4 20. Qxd4 f6 21. Rd1 a5 22. Nb6 Ra6 23. Be3 Be6 24. Qxd6 Qxd6 25. Rxd6 Kf7 26. f4 a4 27. bxa4 bxa4 28. a3 Re8 29. Bd4 Ra5 30. Bc3 Rb5 31. Nxa4 Ra8 32. Rd4 Rb3 33. Bd2 Rxa3 34. Nc5 Rc8 35. Nb7 Kg8 36. Nd6 Rc2 37. Kf2 Ra4 38. Rd3 f5 39. exf5 Bxf5 40. Nxf5 Rxf4+ 41. Kg3 Rxf5 42. h4 Rf1 43. Bh6 Rg1 44. Rd8+ Kf7 45. Rd7+ Ke6 46. Rxh7 Rcxg2+ 47. Kf3 Rg3+ 48. Kf2 R1g2+ 49. Kf1 Rh2 50. Bf4 Rf3+ 51. Kg1 Ra2 52. Bg5 Rb3 53. Re7+ Kf5 54. Re1 Kg4 55. Bf6 Kh3 56. Bg5 Rg2+ 0-1

[Event "HUN-chT2 Charousek 1819"]
[Site "Hungary"]
[Date "2019.03.10"]
[Round "9.6"]
[White "Kovac, Boris"]
[Black "Margl, Roland"]
[Result "1/2-1/2"]
[WhiteElo "2200"]
[BlackElo "2210"]
[PlyCount "56"]
[EventDate "2018.09.23"]
[EventType "team-tourn"]
[EventRounds "11"]
[EventCountry "HUN"]
[SourceTitle "EXT 2021"]
[Source "ChessBase"]
[SourceDate "2020.10.23"]
[SourceVersion "1"]
[SourceVersionDate "2020.10.23"]
[SourceQuality "1"]
[WhiteTeam "Szentgotthard Alsoszolnok"]
[BlackTeam "Tapolca Varosi"]
[WhiteTeamCountry "HUN"]
[BlackTeamCountry "HUN"]

1. e4 c6 2. d4 d5 3. Nc3 dxe4 4. Nxe4 Bf5 5. Ng3 Bg6 6. h4 h6 7. Nf3 e6 8. Ne5 Bh7 9. Bd3 Bxd3 10. Qxd3 Nd7 11. f4 Be7 12. Bd2 Nxe5 13. fxe5 Bxh4 14. 0-0-0 Bxg3 15. Qxg3 Ne7 16. Qxg7 Rg8 17. Qxh6 Qxd4 18. Bc3 Qg4 19. Rd2 Rd8 20. Rhd1 Rxd2 21. Bxd2 Qe4 22. Bg5 Qg6 23. Qxg6 Rxg6 24. Bxe7 Kxe7 25. Rd2 Rg5 26. Re2 b5 27. Kd2 c5 28. Kd3 Kd7 1/2-1/2

[Event "HUN-chT2 Charousek 1819"]
[Site "Hungary"]
[Date "2018.11.18"]
[Round "4.6"]
[White "Amrein, Roland"]
[Black "Kovac, Boris"]
[Result "1/2-1/2"]
[WhiteElo "2206"]
[BlackElo "2200"]
[PlyCount "129"]
[EventDate "2018.09.23"]
[EventType "team-tourn"]
[EventRounds "11"]
[EventCountry "HUN"]
[SourceTitle "CBM 189 Extra"]
[Source "ChessBase"]
[SourceDate "2019.06.03"]
[SourceVersion "1"]
[SourceVersionDate "2019.06.03"]
[SourceQuality "1"]
[WhiteTeam "Komlo Banyasz"]
[BlackTeam "Szentgotthard Alsoszolnok"]
[WhiteTeamCountry "HUN"]
[BlackTeamCountry "HUN"]

1. e4 c5 2. Nf3 e6 3. d4 cxd4 4. Nxd4 a6 5. Bd3 Qc7 6. 0-0 Nc6 7. Nxc6 bxc6 8. c4 Nf6 9. Nc3 Be7 10. f4 d6 11. Be3 0-0 12. Qf3 Re8 13. g4 Nd7 14. g5 g6 15. h4 Bf8 16. h5 Bg7 17. Rac1 Rb8 18. b3 Qa5 19. Na4 c5 20. Rc2 Bb7 21. hxg6 fxg6 22. Rh2 Nf8 23. Qg4 Qc7 24. Re1 Bc6 25. Kf1 Re7 26. Nb2 Rf7 27. Nd1 Bd7 28. Rf2 Re8 29. Rf3 e5 30. f5 gxf5 31. Rxf5 Qc8 32. Qf3 Bxf5 33. exf5 e4 34. Bxe4 Rxe4 35. Qxe4 Qxf5+ 36. Qxf5 Rxf5+ 37. Ke2 Ne6 38. Rg1 Bd4 39. g6 h5 40. Bxd4 Nxd4+ 41. Kd3 Kg7 42. Ne3 Re5 43. b4 h4 44. a4 h3 45. b5 Ne6 46. Nd5 axb5 47. axb5 h2 48. Rh1 Rh5 49. b6 Rh3+ 50. Ke4 Kxg6 51. Ne7+ Kf6 52. Nc8 Nd8 53. Nxd6 Ke6 54. b7 Nc6 55. Nf5 Rh8 56. Ne3 Kd6 57. Ng4 Rh4 58. Kf4 Kc7 59. Rxh2 Rxh2 60. Nxh2 Na5 61. Nf3 Nxc4 62. Ke4 Nb6 63. Ne5 Kxb7 64. Nd3 Kc6 65. Nxc5 1/2-1/2

[Event "HUN-chT2 Charousek 1819"]
[Site "Hungary"]
[Date "2018.10.28"]
[Round "3.6"]
[White "Kovac, Boris"]
[Black "Csoli, Odon"]
[Result "1-0"]
[WhiteElo "2200"]
[BlackElo "2239"]
[PlyCount "161"]
[EventDate "2018.09.23"]
[EventType "team-tourn"]
[EventRounds "11"]
[EventCountry "HUN"]
[SourceTitle "CBM 189 Extra"]
[Source "ChessBase"]
[SourceDate "2019.06.03"]
[SourceVersion "1"]
[SourceVersionDate "2019.06.03"]
[SourceQuality "1"]
[WhiteTeam "Szentgotthard Alsoszolnok"]
[BlackTeam "Biatorbagy"]
[WhiteTeamCountry "HUN"]
[BlackTeamCountry "HUN"]

1. e4 c5 2. Nf3 Nc6 3. Bb5 e6 4. 0-0 Nge7 5. Re1 a6 6. Bf1 d5 7. d3 dxe4 8. dxe4 Qxd1 9. Rxd1 Ng6 10. Be3 Be7 11. a4 b6 12. c3 0-0 13. Nfd2 Rd8 14. Na3 Nce5 15. Ndc4 Nxc4 16. Nxc4 Rb8 17. Rxd8+ Bxd8 18. Nd6 a5 19. Nxc8 Rxc8 20. Rd1 Bc7 21. b4 axb4 22. cxb4 cxb4 23. Rb1 Ne5 24. h3 Nc6 25. Bb5 Na5 26. Rxb4 Kf8 27. Rb1 Ke7 28. g3 Nb7 29. Ba6 Rb8 30. Bxb7 Rxb7 31. a5 Bd8 32. axb6 Kd7 33. Rd1+ Kc8 34. Rd6 Be7 35. Rc6+ Kd7 36. Rc2 Bd8 37. Rd2+ Kc8 38. Ra2 Bxb6 39. Ra8+ Kd7 40. Bxb6 Rxb6 41. Rg8 g6 42. Rg7 Ke7 43. Rxh7 Rb4 44. Rh4 f5 45. Rh7+ Kf6 46. exf5 exf5 47. h4 f4 48. Kg2 fxg3 49. fxg3 Rb2+ 50. Kh3 Rb3 51. Ra7 Rc3 52. Ra4 Rb3 53. Kg4 Rb5 54. Ra6+ Kg7 55. Rd6 Rb4+ 56. Kg5 Rb5+ 57. Kf4 Rb4+ 58. Ke3 Rg4 59. Kf3 Ra4 60. Re6 Kf7 61. Re4 Ra3+ 62. Kf4 Rb3 63. g4 Rb1 64. Kg5 Rb5+ 65. Kh6 Rb6 66. Rf4+ Kg8 67. g5 Ra6 68. Rf6 Ra4 69. Rxg6+ Kh8 70. h5 Ra7 71. Rd6 Rh7+ 72. Kg6 Rg7+ 73. Kf6 Kh7 74. Re6 Rg8 75. Re7+ Kh8 76. g6 Ra8 77. h6 Ra6+ 78. Re6 Ra8 79. Rd6 Rf8+ 80. Ke7 Rf7+ 81. gxf7 1-0

[Event "Maribor Pirc Memorial op 20th"]
[Site "Maribor"]
[Date "2017.07.01"]
[Round "8"]
[White "Kovac, Boris"]
[Black "Murko, David"]
[Result "1-0"]
[WhiteElo "2225"]
[BlackElo "2094"]
[PlyCount "49"]
[EventDate "2017.06.24"]
[EventType "swiss"]
[EventRounds "9"]
[EventCountry "SLO"]
[SourceTitle "CBM 179 Extra"]
[Source "ChessBase"]
[SourceDate "2017.08.23"]
[SourceVersion "1"]
[SourceVersionDate "2017.08.23"]
[SourceQuality "1"]

1. e4 c5 2. Nf3 d6 3. d4 cxd4 4. Nxd4 Nf6 5. Nc3 g6 6. Be3 Bg7 7. Qd2 Ng4 8. Bg5 Nc6 9. Nb3 0-0 10. f3 Nf6 11. Bh6 Bd7 12. h4 Bh8 13. h5 Ne5 14. hxg6 fxg6 15. f4 Neg4 16. Bxf8 Kxf8 17. 0-0-0 Rc8 18. e5 dxe5 19. fxe5 Nxe5 20. Bb5 Qc7 21. Bxd7 Nexd7 22. g4 Ne5 23. g5 Nh5 24. Rhf1+ Ke8 25. Qd5 1-0

[Event "SLO-chT 25th"]
[Site "Otocec"]
[Date "2015.11.06"]
[Round "4.17"]
[White "Buzeti, Jernej"]
[Black "Kovac, Boris"]
[Result "1/2-1/2"]
[WhiteElo "2207"]
[BlackElo "2191"]
[PlyCount "43"]
[EventDate "2015.10.16"]
[EventType "team-tourn"]
[EventRounds "9"]
[EventCountry "SLO"]
[SourceTitle "EXT 2020"]
[Source "ChessBase"]
[SourceDate "2019.10.17"]
[SourceVersion "1"]
[SourceVersionDate "2019.10.17"]
[SourceQuality "1"]
[WhiteTeam "Maribor ZSK"]
[BlackTeam "Radenska Pomgrad"]
[WhiteTeamCountry "SVK"]
[BlackTeamCountry "SLO"]

1. d4 Nf6 2. Nf3 e6 3. c4 d5 4. Nc3 Bb4 5. cxd5 exd5 6. Bg5 Be7 7. e3 c6 8. Be2 Nbd7 9. 0-0 0-0 10. Rc1 Re8 11. a3 h6 12. Bh4 Ne4 13. Bxe7 Qxe7 14. Nd2 Ndf6 15. Ndxe4 Nxe4 16. Nxe4 Qxe4 17. Bf3 Qg6 18. Bh5 Qe4 19. Bf3 Qg6 20. Bh5 Qe4 21. Bf3 Qg6 22. Bh5 1/2-1/2

[Event "Ptuj op"]
[Site "Ptuj"]
[Date "2015.08.07"]
[Round "5"]
[White "Sorcnik, Franc"]
[Black "Kovac, Boris"]
[Result "1-0"]
[WhiteElo "2057"]
[BlackElo "2219"]
[PlyCount "71"]
[EventDate "2015.08.03"]
[EventType "swiss"]
[EventRounds "9"]
[EventCountry "SLO"]
[SourceTitle "CBM 167 Extra"]
[Source "ChessBase"]
[SourceDate "2015.09.14"]
[SourceVersion "1"]
[SourceVersionDate "2015.09.14"]
[SourceQuality "1"]

1. e4 c5 2. Nf3 e6 3. d4 cxd4 4. Nxd4 Nc6 5. Nb5 d6 6. c4 Nf6 7. N1c3 a6 8. Na3 Be7 9. Nc2 b6 10. g3 Bb7 11. Bg2 Rc8 12. Ne3 Ne5 13. Qe2 Qc7 14. b3 b5 15. f4 Ng6 16. Bb2 b4 17. Ncd1 0-0 18. Nf2 Rfe8 19. h4 Bc6 20. Neg4 Nxg4 21. Qxg4 f5 22. Qh3 Bf8 23. 0-0 Ne7 24. Rfe1 Qb7 25. Re2 d5 26. cxd5 exd5 27. exf5 d4 28. f6 Nd5 29. Rae1 Ne3 30. Bxc6 Qxc6 31. Bxd4 Nc2 32. f7+ Kxf7 33. Qf5+ Kg8 34. Rxe8 Rxe8 35. Rxe8 Qxe8 36. Qxc2 1-0

[Event "Maribor Pirc Memorial op 19th"]
[Site "Maribor"]
[Date "2015.07.02"]
[Round "9"]
[White "Vidic, Teja"]
[Black "Kovac, Boris"]
[Result "1/2-1/2"]
[WhiteElo "2068"]
[BlackElo "2252"]
[PlyCount "163"]
[EventDate "2015.06.25"]
[EventType "swiss"]
[EventRounds "9"]
[EventCountry "SLO"]
[SourceTitle "CBM 167 Extra"]
[Source "ChessBase"]
[SourceDate "2015.09.14"]
[SourceVersion "1"]
[SourceVersionDate "2015.09.14"]
[SourceQuality "1"]

1. e4 c5 2. c3 Nf6 3. e5 Nd5 4. d4 cxd4 5. Nf3 Nc6 6. cxd4 d6 7. Bc4 Nb6 8. Bb5 e6 9. 0-0 Bd7 10. Nc3 d5 11. Bd3 a6 12. Bb1 Be7 13. a3 Rc8 14. h3 h6 15. Nh2 g6 16. Qg4 h5 17. Qf4 g5 18. Qe3 Nc4 19. Qd3 Qb6 20. Ne2 Nxb2 21. Bxb2 Qxb2 22. Ra2 Qb5 23. Qg3 Na5 24. f4 Qb3 25. Qf2 Rf8 26. fxg5 Bxg5 27. Nf4 Nc4 28. Re2 Qxa3 29. Kh1 h4 30. Nh5 Ne3 31. Rfe1 Rc1 32. Nf6+ Kd8 33. Nh7 Nd1 34. Qf1 Rxb1 35. Nxf8 Qxf8 36. Rxd1 Rb4 37. Rf2 Be8 38. Ng4 Qg7 39. Qe1 Be7 40. Nf6 Bb5 41. Rf4 Qg3 42. Rxh4 Qxe1+ 43. Rxe1 Bxf6 44. exf6 Bd3 45. Rd1 Be4 46. Rh8+ Kd7 47. Rf8 Bg6 48. h4 e5 49. g4 Ke6 50. Rf1 Rxd4 51. Re8+ Kd6 52. h5 Bd3 53. Rg1 Rf4 54. h6 Rxf6 55. g5 Rf4 56. Rg3 Bg6 57. Rh3 Rg4 58. Kh2 Be4 59. Rh5 Rg2+ 60. Kh3 Rg1 61. Rh4 Rh1+ 62. Kg3 Rg1+ 63. Kf2 Rg2+ 64. Kf1 Rxg5 65. h7 Bxh7 66. Rxh7 Rf5+ 67. Ke2 e4 68. Rh6+ f6 69. Rh7 b5 70. Ra7 Rf3 71. Rxa6+ Kc5 72. Rc8+ Kd4 73. Rb6 Rb3 74. Rd8 Rb2+ 75. Kd1 f5 76. Rbd6 f4 77. Rxd5+ Ke3 78. Ke1 f3 79. Kf1 Rf2+ 80. Kg1 Rg2+ 81. Kf1 Rf2+ 82. Kg1 1/2-1/2